000 00791cam a2200253 4500
001 sa 68012051
003 DLC
005 20260227112606.0
008 691110s1968 ii b 001 0 eng
010 _asa 68012051
025 _aPL480:I-E-10669
040 _aDLC
_cDLC
_dDLC
050 0 0 _aHJ4387.B5
_bS5
082 0 0 _a333.5/3/095412
100 1 _aSinha, Ram Narain.
245 1 0 _aBihar tenantry, 1783-1833.
260 _aBombay,
_bPeople's Pub. House
_c[1968]
300 _ax, 190 p.
_c22 cm.
350 _a20.00
500 _a"Thesis ... approved for the award of the degree of Ph.D. in the University of Bihar in March, 1966."
504 _aBibliography: p. [180]-186.
650 0 _aLand value taxation
_zIndia
_zBihar
_xHistory.
650 0 _aLand tenure
_zIndia
_zBihar
_xHistory.
999 _c84277
_d84277